benny blanco Charting Songs (Billboard Hot 100) - Statistics

General Stats
  • This quiz has been taken 40 times
    11 since last reset
  • The average score is 6 of 11
Answer Stats
Album Weeks On Peak Artist(s) Song % Correct
FRIENDS KEEP SECRETS EP 52 Weeks #9 benny blanco, Halsey & Khalid Eastside
100%
Justice and FRIENDS KEEP SECRETS EP 2 20 Weeks #12 Justin Bieber & benny blanco Lonely
80%
Non-Album Single 5 Weeks #10 benny blanco, BTS & Snoop Dogg Bad Decisions
60%
I Said I Love You First 8 Weeks #46 Selena Gomez, benny blanco & Gracie Abrams Call Me When You Break Up
60%
I Said I Love You First 5 Weeks #66 benny blanco, Tainy, Selena Gomez & J Balvin I Can't Get Enough
60%
I Said I Love You First 6 Weeks #56 Selena Gomez, benny blanco & The Marias Ojos Tristes
40%
FRIENDS KEEP SECRETS EP 6 Weeks #85 benny blanco & Juice WRLD ft. Brendon Urie Roses
40%
I Said I Love You First 1 Week #98 Selena Gomez & benny blanco Sunset Blvd
40%
The Party Never Ends 4 Weeks #85 Juice WRLD, Eminem & benny blanco Lace It
30%
FRIENDS KEEP SECRETS EP 2 1 Week #72 Juice WRLD & benny blanco Real Shit
30%
I Said I Love You First 1 Week #71 Selena Gomez & benny blanco How Does It Feel To Be Forgotten
10%
No matching quizzes found
Score Distribution
Percent of People with Each Score
Percentile by Number Answered
Your Score History
You have not taken this quiz since the last reset